000 00341nam a2200157Ia 4500
100 _aYogandanda/Paramahansa
650 _aGeneral
942 _cBK
654 _atalk with God
245 _aHow you can talk with God
260 _bYogananda Satsanga soc
_c2004
082 _a211
_bYOG
300 _a39
546 _aENGLISH
999 _c30941
_d30941